[Event "4NCL/Div2/SWD-3CS"]
[Site "Rd-10 Birmingham"]
[Date "2002.05.05"]
[Round "10.1"]
[White "Cooper, John G"]
[Black "Davies, Nigel R"]
[Result "0-1"]
[WhiteElo "2333"]
[BlackElo "2481"]
[PlyCount "68"]
[EventDate "2002.05.05"]

1. d4 Nf6 2. c4 g6 3. Nc3 d5 4. cxd5 Nxd5 5. e4 Nxc3 6. bxc3 Bg7 7. Bc4 c5 8.
Ne2 Nc6 9. Be3 O-O 10. O-O e6 11. f4 Bd7 12. dxc5 Na5 13. Bd3 Qc7 14. Qe1 Rad8
15. Rd1 Ba4 16. Rd2 Rfe8 17. Qb1 Bf8 18. Qb4 Bd7 19. Rfd1 Nc6 20. Qb1 Nb8 21.
Kh1 Ba4 22. Bc2 Rxd2 23. Rxd2 Bxc2 24. Rxc2 Nd7 25. Rb2 Nxc5 26. Bxc5 Qxc5 27.
Rxb7 Rd8 28. h3 Qe3 29. Nd4 Qxf4 30. Rxa7 Rb8 31. Qe1 Rb2 32. e5 Bc5 33. Ra8+
Kg7 34. Nf3 Bb6 0-1

[Event "4NCL/Div2/SWD-3CS"]
[Site "Rd-10 Birmingham"]
[Date "2002.05.05"]
[Round "10.2"]
[White "James, Dale R"]
[Black "Dineley, Richard DP"]
[Result "1/2-1/2"]
[WhiteElo "2217"]
[BlackElo "2284"]
[PlyCount "72"]
[EventDate "2002.05.05"]

1. e4 c5 2. Nf3 d6 3. d4 cxd4 4. Nxd4 Nf6 5. Nc3 e6 6. Bd3 a6 7. O-O b5 8. Be3
Bb7 9. f3 Nbd7 10. Qe1 Be7 11. a3 O-O 12. Qg3 Rc8 13. Rae1 Ne5 14. Kh1 Nc4 15.
Bc1 Re8 16. f4 Bf8 17. e5 dxe5 18. fxe5 Qxd4 19. exf6 g6 20. Rf4 Qd6 21. Qh3
Rc5 22. Rh4 h5 23. b4 Re5 24. Rf1 Rf5 25. Rhf4 Rxf4 26. Bxf4 Qc6 27. Be4 Qc8
28. Qg3 Bxe4 29. Nxe4 e5 30. Bc1 Qc6 31. Qd3 Qa8 32. Ng5 e4 33. Qd7 Ne5 34. Qd4
Nc4 35. Qd7 Ne5 36. Qd4 Nc4 1/2-1/2

[Event "4NCL/Div2/SWD-3CS"]
[Site "Rd-10 Birmingham"]
[Date "2002.05.05"]
[Round "10.3"]
[White "Zeidler, Sven P"]
[Black "Clarke, Stuart"]
[Result "0-1"]
[WhiteElo "2277"]
[BlackElo "2290"]
[PlyCount "98"]
[EventDate "2002.05.05"]

1. e4 e6 2. d4 d5 3. exd5 exd5 4. Nf3 Nf6 5. Bg5 Be7 6. Bd3 Bg4 7. O-O O-O 8.
Nbd2 Nbd7 9. c3 c5 10. Qc2 h6 11. Bf4 Re8 12. h3 Be6 13. Rfe1 c4 14. Bf5 Nf8
15. Bxe6 Nxe6 16. Bxh6 gxh6 17. Rxe6 fxe6 18. Qg6+ Kh8 19. Ne5 Rf8 20. Qxh6+
Nh7 21. Qxe6 Bf6 22. Nf7+ Rxf7 23. Qxf7 Qg8 24. Qxb7 Rb8 25. Qxa7 Ng5 26. Qd7
Rxb2 27. h4 Ne6 28. Re1 Nf8 29. Qd6 Qf7 30. Nf3 Rxa2 31. Ne5 Bxe5 32. Qxe5+ Kh7
33. f3 Ng6 34. Qh5+ Kg7 35. Qg5 Qf6 36. Qg4 Qxh4 37. Qxh4 Nxh4 38. Re5 Rxg2+
39. Kf1 Rc2 40. Rxd5 Nxf3 41. Rf5 Rxc3 42. d5 Nd4 43. Re5 Rd3 44. d6 Kf6 45.
Re4 c3 46. d7 Nb3 47. Re3 Rd1+ 48. Ke2 c2 49. Rd3 Nc1+ 0-1

[Event "4NCL/Div2/SWD-3CS"]
[Site "Rd-10 Birmingham"]
[Date "2002.05.05"]
[Round "10.4"]
[White "Ashton, Adam G"]
[Black "Jones, Richard S"]
[Result "1/2-1/2"]
[WhiteElo "2146"]
[BlackElo "2174"]
[PlyCount "62"]
[EventDate "2002.05.05"]

1. e4 e5 2. Nf3 Nc6 3. Bc4 Nf6 4. d4 exd4 5. e5 d5 6. Bb5 Ne4 7. Nxd4 Bd7 8.
Bxc6 bxc6 9. O-O Bc5 10. f3 Ng5 11. f4 Ne6 12. c3 f5 13. Be3 O-O 14. Nd2 Bxd4
15. cxd4 c5 16. Nb3 Ba4 17. dxc5 d4 18. Bd2 Rb8 19. Rc1 Qd5 20. Qf3 Bxb3 21.
axb3 Qxb3 22. Qc6 Rfd8 23. Ra1 Rb5 24. Rfc1 Kf7 25. Rxa7 Qxb2 26. Rxc7+ Nxc7
27. Qxc7+ Ke8 28. Qxg7 Qxd2 29. Qg8+ Ke7 30. Qg7+ Ke8 31. Qg8+ Ke7 1/2-1/2

[Event "4NCL/Div2/SWD-3CS"]
[Site "Rd-10 Birmingham"]
[Date "2002.05.05"]
[Round "10.5"]
[White "Johnston, Dafydd"]
[Black "Taylor, Robert M"]
[Result "1/2-1/2"]
[WhiteElo "2230"]
[BlackElo "2153"]
[PlyCount "58"]
[EventDate "2002.05.05"]

1. e4 c6 2. d4 d5 3. e5 Bf5 4. Nf3 e6 5. Be2 Nd7 6. O-O Ne7 7. Nh4 Bg6 8. Be3
Qb6 9. b3 Qc7 10. c4 Rd8 11. Nxg6 hxg6 12. Qc2 Rc8 13. Nc3 Nf5 14. Bd3 Nxe5 15.
dxe5 Qxe5 16. g3 Nxe3 17. fxe3 Qxe3+ 18. Kg2 Bd6 19. Ne2 Ke7 20. Rae1 Qh6 21.
h4 Bb4 22. Rd1 g5 23. Nd4 gxh4 24. Qe2 h3+ 25. Kh2 Qh5 26. g4 Bd6+ 27. Kh1 Qe5
28. Qf2 Rhf8 29. Rde1 Qg5 1/2-1/2

[Event "4NCL/Div2/SWD-3CS"]
[Site "Rd-10 Birmingham"]
[Date "2002.05.05"]
[Round "10.6"]
[White "Longson, Alexander"]
[Black "James, David J"]
[Result "1/2-1/2"]
[WhiteElo "2167"]
[BlackElo "2247"]
[PlyCount "81"]
[EventDate "2002.05.05"]

1. e4 c5 2. Nf3 d6 3. Bb5+ Bd7 4. Bxd7+ Qxd7 5. O-O Nc6 6. c3 Nf6 7. d4 cxd4 8.
cxd4 d5 9. e5 Ne4 10. Ne1 h6 11. Be3 e6 12. Qg4 O-O-O 13. f3 Ng5 14. Nd3 f5 15.
Qh4 Nf7 16. Qf2 Kb8 17. Rc1 g5 18. f4 gxf4 19. Nxf4 Rg8 20. Nd2 Nfxe5 21. dxe5
d4 22. Nf3 dxe3 23. Qxe3 Be7 24. Rd1 Qxd1+ 25. Rxd1 Rxd1+ 26. Kf2 Bg5 27. Nxg5
hxg5 28. Nxe6 f4 29. Qb3 Rd7 30. Nc5 Rdg7 31. Nd7+ Ka8 32. Qd5 g4 33. a3 g3+
34. hxg3 Rxg3 35. e6 Re3 36. b4 Rxa3 37. Qd6 Ra2+ 38. Kf3 Ra3+ 39. Kf2 Ra2+ 40.
Kf3 Ra3+ 41. Kf2 1/2-1/2

[Event "4NCL/Div2/SWD-3CS"]
[Site "Rd-10 Birmingham"]
[Date "2002.05.05"]
[Round "10.7"]
[White "Richmond, Peter A"]
[Black "Kosteniuk, Oksana"]
[Result "1/2-1/2"]
[WhiteElo "2240"]
[BlackElo "2000"]
[PlyCount "59"]
[EventDate "2002.05.05"]

1. e4 c5 2. Nf3 d6 3. d4 cxd4 4. Nxd4 Nf6 5. Nc3 g6 6. Be3 Bg7 7. f3 O-O 8. Qd2
Nc6 9. Bc4 Bd7 10. O-O-O Qa5 11. g4 Rfc8 12. Bb3 Ne5 13. h4 b5 14. Nd5 Qxd2+
15. Rxd2 Nxd5 16. Bxd5 Rab8 17. h5 Nc4 18. Bxc4 Rxc4 19. hxg6 hxg6 20. Ne2 Rbc8
21. Bd4 Bxd4 22. Nxd4 e5 23. Ne2 b4 24. Ng3 Be6 25. Rhd1 Kg7 26. Nf1 R4c5 27.
Ne3 Bxa2 28. Rxd6 Bb3 29. R1d2 Rh8 30. Kd1 1/2-1/2

[Event "4NCL/Div2/SWD-3CS"]
[Site "Rd-10 Birmingham"]
[Date "2002.05.05"]
[Round "10.8"]
[White "Gordon, Stephen J"]
[Black "Cast, Abigail"]
[Result "1/2-1/2"]
[WhiteElo "1968"]
[BlackElo "2107"]
[PlyCount "81"]
[EventDate "2002.05.05"]

1. d4 d5 2. c4 c6 3. Nf3 Nf6 4. Nc3 e6 5. Bg5 Be7 6. e3 Nbd7 7. Qc2 O-O 8. cxd5
exd5 9. Bd3 h6 10. Bh4 Re8 11. O-O a5 12. Bg3 Nf8 13. a3 Bd6 14. Rab1 b5 15.
Ne5 Bxe5 16. Bxe5 N8d7 17. Bg3 Nh5 18. e4 Nxg3 19. hxg3 dxe4 20. Nxe4 Qb6 21.
Rbd1 Ba6 22. b4 axb4 23. axb4 Bb7 24. Qb3 Qc7 25. Rc1 Nb6 26. d5 Nc4 27. Bxc4
bxc4 28. Qxc4 Qe5 29. Nc5 cxd5 30. Qb5 Bc8 31. Qc6 Ra2 32. Nd3 Qe6 33. Qc5 Ba6
34. Nf4 Qe7 35. Qxd5 Rb2 36. Rfd1 Rxb4 37. Qd2 Re4 38. Nd5 Qd6 39. Qa5 Be2 40.
Rd2 Qe5 41. Qc7 1/2-1/2

[Event "4NCL/Div2/PP-KH"]
[Site "Rd-10 Birmingham"]
[Date "2002.05.05"]
[Round "10.1"]
[White "Swanson, Stephen"]
[Black "Jossien, Arnaud"]
[Result "1-0"]
[WhiteElo "2271"]
[BlackElo "2336"]
[PlyCount "75"]
[EventDate "2002.05.05"]

1. e4 d6 2. Nc3 Nf6 3. g3 e5 4. Bg2 c6 5. Nge2 Be7 6. O-O b5 7. a3 Nbd7 8. h3
O-O 9. d3 a5 10. g4 Ba6 11. Ng3 Nc5 12. b4 Ne6 13. Nf5 Bb7 14. Rb1 axb4 15.
axb4 Ne8 16. Nxe7+ Qxe7 17. Ne2 g5 18. Ng3 N8g7 19. c3 Nf4 20. Bxf4 gxf4 21.
Nf5 Nxf5 22. exf5 Ra2 23. Qf3 Rfa8 24. d4 f6 25. Rbe1 Qg7 26. dxe5 fxe5 27. h4
h6 28. Rd1 d5 29. Bh3 Kh8 30. Kh2 R8a3 31. g5 d4 32. Qh5 Rxc3 33. Qe8+ Qg8 34.
Qxe5+ Qg7 35. f6 Rxh3+ 36. Kxh3 Qd7+ 37. Kh2 Bc8 38. f7+ 1-0

[Event "4NCL/Div2/PP-KH"]
[Site "Rd-10 Birmingham"]
[Date "2002.05.05"]
[Round "10.2"]
[White "Berry, Stephen H"]
[Black "Harley, Andrew"]
[Result "1/2-1/2"]
[WhiteElo "2309"]
[BlackElo "2258"]
[PlyCount "46"]
[EventDate "2002.05.05"]

1. e4 c5 2. Nf3 Nc6 3. Bb5 e6 4. Bxc6 bxc6 5. O-O Ne7 6. d3 Ng6 7. Ng5 e5 8.
Qh5 Qe7 9. Na3 d6 10. Nc4 d5 11. Na5 Qc7 12. Bd2 h6 13. Nf3 Bd6 14. c4 dxe4 15.
dxe4 Nf4 16. Bxf4 exf4 17. e5 Be7 18. e6 Bxe6 19. Rfe1 O-O 20. Nb3 Bxc4 21.
Nxc5 Bd5 22. Ne4 Rfe8 23. Nc3 Bxf3 1/2-1/2

[Event "4NCL/Div2/PP-KH"]
[Site "Rd-10 Birmingham"]
[Date "2002.05.05"]
[Round "10.3"]
[White "Moore, Gerald"]
[Black "Thomas, Richard H"]
[Result "1/2-1/2"]
[WhiteElo "2233"]
[BlackElo "2230"]
[PlyCount "70"]
[EventDate "2002.05.05"]

1. Nf3 d5 2. c4 c6 3. d4 Nf6 4. Nc3 dxc4 5. a4 Bf5 6. e3 e6 7. Bxc4 Bb4 8. O-O
Nbd7 9. Qe2 O-O 10. Nh4 Ne4 11. Nxf5 exf5 12. f3 Nd6 13. e4 Nxc4 14. Qxc4 a5
15. Bf4 Re8 16. exf5 Nb6 17. Qd3 Nd5 18. Nxd5 Qxd5 19. Rad1 Rad8 20. Qc2 Rd7
21. h3 Rde7 22. Rf2 Be1 23. Rf1 Re2 24. Qd3 Bb4 25. Rf2 Re1+ 26. Rxe1 Rxe1+ 27.
Rf1 Re8 28. Rd1 h5 29. g4 hxg4 30. hxg4 Rd8 31. Kg2 f6 32. b3 Qf7 33. Qc4 Qd5
34. Qxd5+ Rxd5 35. Kf2 Rd7 1/2-1/2

[Event "4NCL/Div2/PP-KH"]
[Site "Rd-10 Birmingham"]
[Date "2002.05.05"]
[Round "10.4"]
[White "O'Shaughnessy, Conor"]
[Black "Rosen, Daniel B"]
[Result "1/2-1/2"]
[WhiteElo "2216"]
[BlackElo "2228"]
[PlyCount "120"]
[EventDate "2002.05.05"]

1. e4 g6 2. d4 Bg7 3. Nc3 d6 4. f4 Nf6 5. Nf3 c5 6. dxc5 Qa5 7. Bd3 Qxc5 8. Qe2
Nc6 9. Be3 Qa5 10. O-O Bg4 11. a3 O-O 12. h3 Bxf3 13. Qxf3 a6 14. b4 Qc7 15.
Ne2 Nd7 16. Rab1 b5 17. Rfc1 Rab8 18. c4 Nde5 19. fxe5 Nxe5 20. Qf1 Nxd3 21.
Rc2 bxc4 22. Kh1 Rfc8 23. Nc1 Qb7 24. Nxd3 Qxe4 25. Rbc1 Qxe3 26. Rxc4 Rxc4 27.
Rxc4 Bd4 28. Nf4 Rb5 29. Ne6 Qxe6 30. Rxd4 Re5 31. Rd1 Re2 32. a4 d5 33. b5
axb5 34. axb5 Rb2 35. Rb1 Rxb1 36. Qxb1 Qb6 37. Qb4 Kf8 38. Qc3 d4 39. Qc8+ Kg7
40. Qc4 e5 41. Qd5 Kf6 42. Kh2 Qe6 43. Qd8+ Qe7 44. Qd5 e4 45. b6 d3 46. Kg3
Qb4 47. b7 d2 48. Qd8+ Kg7 49. b8=Q Qxb8+ 50. Qxb8 d1=Q 51. Qe5+ Kf8 52. Qxe4
Qd6+ 53. Kf2 Qe6 54. Qd4 h5 55. Kf3 Ke7 56. Qc5+ Qd6 57. Qc4 f5 58. h4 Qd1+ 59.
Kf2 Qd2+ 60. Kf3 Qd1+ 1/2-1/2

[Event "4NCL/Div2/PP-KH"]
[Site "Rd-10 Birmingham"]
[Date "2002.05.05"]
[Round "10.5"]
[White "Waddington, Michael P"]
[Black "Kwiatkowski, Feliks J"]
[Result "0-1"]
[WhiteElo "2219"]
[BlackElo "2224"]
[PlyCount "76"]
[EventDate "2002.05.05"]

1. Nc3 c5 2. e4 Nc6 3. f4 g6 4. Nf3 Bg7 5. Bc4 e6 6. O-O Nge7 7. d3 d5 8. Bb3
O-O 9. Qe1 Nd4 10. Nxd4 cxd4 11. Nd1 dxe4 12. dxe4 Nc6 13. Rf3 Na5 14. Qg3 Nxb3
15. cxb3 Bd7 16. Bd2 Bc6 17. Nf2 f5 18. Re1 Bf6 19. Qh3 Rc8 20. Qh6 Rf7 21.
exf5 exf5 22. Rh3 Qd5 23. Rg3 Re8 24. Rxe8+ Bxe8 25. Qh3 Re7 26. Nd3 Qe4 27.
Rf3 Qe2 28. Bb4 Re3 29. Ne1 Be7 30. Bxe7 Qxe1+ 31. Rf1 Qd2 32. Qh4 Bc6 33. Qg5
Rxe7 34. h4 Qe3+ 35. Rf2 d3 36. h5 d2 37. hxg6 d1=Q+ 38. Kh2 hxg6 0-1

[Event "4NCL/Div2/PP-KH"]
[Site "Rd-10 Birmingham"]
[Date "2002.05.05"]
[Round "10.6"]
[White "McMichael, Richard"]
[Black "Byway, Paul"]
[Result "1-0"]
[WhiteElo "2265"]
[BlackElo "2216"]
[PlyCount "79"]
[EventDate "2002.05.05"]

1. c4 c5 2. g3 g6 3. Bg2 Bg7 4. Nc3 Nf6 5. e4 Nc6 6. Nge2 O-O 7. O-O Ne8 8. d3
Nc7 9. Be3 Ne6 10. Qd2 d6 11. Bh6 Ned4 12. Bxg7 Kxg7 13. f4 e5 14. Rf2 Bg4 15.
Nxd4 cxd4 16. Nd5 Be6 17. f5 Bxd5 18. exd5 Nb8 19. f6+ Kh8 20. Raf1 Nd7 21. g4
Rg8 22. g5 h5 23. gxh6 Kh7 24. Rf3 a5 25. Kh1 Nc5 26. Rg3 Qb6 27. h4 Qd8 28. h5
Qf8 29. hxg6+ Rxg6 30. Rxg6 Kxg6 31. Bh3 Qxh6 32. Rg1+ Kh7 33. Rg7+ Qxg7 34.
Bf5+ Kg8 35. fxg7 Kxg7 36. Qg5+ Kf8 37. Qf6 Ra6 38. Be6 Ke8 39. Qxf7+ Kd8 40.
b3 1-0

[Event "4NCL/Div2/PP-KH"]
[Site "Rd-10 Birmingham"]
[Date "2002.05.05"]
[Round "10.7"]
[White "Winfridsson, Hakan"]
[Black "Okike, David C"]
[Result "0-1"]
[WhiteElo "2200"]
[BlackElo "2149"]
[PlyCount "62"]
[EventDate "2002.05.05"]

1. e4 e6 2. d4 d5 3. Nc3 Nf6 4. Bg5 dxe4 5. Nxe4 Be7 6. Bxf6 gxf6 7. Qd3 f5 8.
Nc3 c6 9. O-O-O Nd7 10. f4 Nf6 11. Be2 a5 12. Bf3 a4 13. h3 a3 14. b3 h5 15.
Nge2 h4 16. g4 hxg3 17. Nxg3 Qc7 18. Qe3 Rh4 19. Rdf1 Bd7 20. Bg2 Nd5 21. Nxd5
cxd5 22. Rf2 Kf8 23. Rd1 Bd6 24. Ne2 Rc8 25. Rd2 Bb5 26. Qg3 Bxe2 27. Qxh4 Qc3
28. Rdxe2 Qb2+ 29. Kd1 Qb1+ 30. Kd2 Qxc2+ 31. Ke1 Qc1# 0-1

[Event "4NCL/Div2/PP-KH"]
[Site "Rd-10 Birmingham"]
[Date "2002.05.05"]
[Round "10.8"]
[White "Kelly, Alexandra M"]
[Black "Connolly, Suzanne"]
[Result "0-1"]
[WhiteElo "1736"]
[BlackElo "2086"]
[PlyCount "98"]
[EventDate "2002.05.05"]

1. e4 c6 2. d4 d5 3. Nd2 dxe4 4. Nxe4 Bf5 5. Ng3 Bg6 6. Nf3 Nd7 7. h4 h6 8. h5
Bh7 9. Bd3 Bxd3 10. Qxd3 e6 11. Bd2 Ngf6 12. O-O-O Bd6 13. Ne4 Nxe4 14. Qxe4
Nf6 15. Qe2 Qc7 16. g3 O-O-O 17. Ne5 Qe7 18. Ba5 Bc7 19. Bxc7 Qxc7 20. c3 Rd5
21. Rd2 Kb8 22. Kc2 c5 23. Kb1 cxd4 24. cxd4 Rc8 25. f3 Nxh5 26. Qe1 Nf6 27.
Rhh2 Qe7 28. Qe3 Nd7 29. Nxd7+ Qxd7 30. Qf4+ Qc7 31. Qxc7+ Rxc7 32. a3 Rcd7 33.
Rh4 e5 34. Kc2 exd4 35. Rd3 Rg5 36. g4 Re5 37. Rh2 Kc7 38. Rhd2 Re3 39. Kb3 Rd6
40. Kc4 Rxd3 41. Rxd3 Kd7 42. Rxd4 Rxd4+ 43. Kxd4 Ke6 44. Ke4 g6 45. Kf4 Kd5
46. a4 b6 47. b3 a6 48. b4 b5 49. a5 Kd4 0-1

[Event "4NCL/Div2/BAR3-WS"]
[Site "Rd-10 Birmingham"]
[Date "2002.05.05"]
[Round "10.1"]
[White "Shikerov, Stefan"]
[Black "Headlong, Timothy"]
[Result "1-0"]
[WhiteElo "2298"]
[BlackElo "2232"]
[PlyCount "111"]
[EventDate "2002.05.05"]

1. d4 d5 2. c4 e6 3. Nc3 c5 4. e3 Nf6 5. Nf3 Nc6 6. Bd3 Be7 7. O-O O-O 8. Ne5
cxd4 9. exd4 dxc4 10. Nxc6 bxc6 11. Bxc4 Bb7 12. Be3 Nd5 13. Nxd5 cxd5 14. Bd3
a5 15. Qc2 h6 16. Qe2 Qb6 17. Qg4 f5 18. Qg6 Rf6 19. Qg3 Bd6 20. Bf4 Bxf4 21.
Qxf4 Ba6 22. Bxa6 Qxa6 23. Rfc1 a4 24. Rc2 Qd3 25. Rac1 Qe4 26. Qd2 f4 27. f3
Qf5 28. Re1 Qg6 29. Rc6 Kh7 30. Qc3 h5 31. Qd2 Qf5 32. Re5 Qb1+ 33. Rc1 Qg6 34.
Qe2 Rb8 35. Kf2 Rb4 36. Qd2 Rb7 37. Rc6 h4 38. Qc2 Qxc2+ 39. Rxc2 Rb4 40. Rd2
Kg6 41. Ke2 Rc4 42. Kd3 Rc1 43. h3 Kh6 44. Ree2 Kg6 45. Rc2 Rd1+ 46. Kc3 e5 47.
dxe5 Rc6+ 48. Kb4 Rxc2 49. Rxc2 Kf5 50. Re2 Ke6 51. Kxa4 d4 52. Kb3 d3 53. Rf2
Kxe5 54. Kc3 g5 55. a3 Kd5 56. Rd2 1-0

[Event "4NCL/Div2/BAR3-WS"]
[Site "Rd-10 Birmingham"]
[Date "2002.05.05"]
[Round "10.2"]
[White "Haydon, Richard"]
[Black "Twyble, Michael S"]
[Result "1/2-1/2"]
[WhiteElo "2208"]
[BlackElo "2220"]
[PlyCount "37"]
[EventDate "2002.05.05"]

1. g3 e5 2. c4 Nf6 3. Bg2 c6 4. d4 exd4 5. Qxd4 d5 6. Nf3 Be7 7. cxd5 cxd5 8.
O-O Nc6 9. Qd3 O-O 10. Be3 Be6 11. Nc3 Qd7 12. Nd4 Bh3 13. Rad1 Bxg2 14. Kxg2
Rfe8 15. Nf5 Rad8 16. Bd4 Nxd4 17. Nxe7+ Rxe7 18. Qxd4 b6 19. Rfe1 1/2-1/2

[Event "4NCL/Div2/BAR3-WS"]
[Site "Rd-10 Birmingham"]
[Date "2002.05.05"]
[Round "10.3"]
[White "Mack, Andrew"]
[Black "Lappage, Jonathan"]
[Result "1/2-1/2"]
[WhiteElo "2275"]
[BlackElo "2189"]
[PlyCount "30"]
[EventDate "2002.05.05"]

1. e4 c5 2. Nf3 d6 3. d4 cxd4 4. Qxd4 Nc6 5. Bb5 Bd7 6. Bxc6 Bxc6 7. c4 f5 8.
exf5 Qa5+ 9. Nc3 Qxf5 10. O-O Nf6 11. Re1 Bxf3 12. gxf3 e5 13. Nb5 Qxf3 14.
Nxd6+ Bxd6 15. Qxd6 Qg4+ 1/2-1/2

[Event "4NCL/Div2/BAR3-WS"]
[Site "Rd-10 Birmingham"]
[Date "2002.05.05"]
[Round "10.4"]
[White "Dickinson, Tim R"]
[Black "Taylor, Peter P"]
[Result "1/2-1/2"]
[WhiteElo "2179"]
[BlackElo "2229"]
[PlyCount "118"]
[EventDate "2002.05.05"]

1. d4 Nf6 2. Nf3 e6 3. Bg5 c5 4. c3 Be7 5. Nbd2 Nc6 6. e4 cxd4 7. cxd4 d6 8.
Bd3 h6 9. Be3 Ng4 10. Bf4 e5 11. Bg3 exd4 12. Nb3 Nge5 13. Nfxd4 Nxd4 14. Nxd4
Qa5+ 15. Ke2 Nxd3 16. Qxd3 Bd7 17. Rhd1 O-O 18. Kf1 d5 19. e5 Rac8 20. Kg1 Qb6
21. Nb3 Be6 22. Rac1 Rc4 23. Qb1 Rfc8 24. Nd2 R4c6 25. Nb3 Rc4 26. Nd2 Rxc1 27.
Rxc1 Rxc1+ 28. Qxc1 Bg5 29. h4 Be7 30. Nb3 a5 31. Qd2 a4 32. Nd4 Bc5 33. Nxe6
fxe6 34. Qc2 Qc6 35. h5 Bd4 36. Qxc6 bxc6 37. b3 axb3 38. axb3 Kf7 39. Bh2 c5
40. g4 g6 41. Kf1 gxh5 42. gxh5 Kg7 43. Ke2 Kh7 44. Bg3 Bc3 45. f3 Kg7 46. Bf4
Bb2 47. Be3 Bxe5 48. Bxc5 Kf7 49. Kd3 Bg7 50. f4 Ke8 51. Bd4 Bf8 52. Kc3 Kd7
53. b4 Kc6 54. Kb3 Kb5 55. Be5 Bxb4 56. Bg7 Bd2 57. Bxh6 e5 58. Bg7 Bxf4 59. h6
Bxh6 1/2-1/2

[Event "4NCL/Div2/BAR3-WS"]
[Site "Rd-10 Birmingham"]
[Date "2002.05.05"]
[Round "10.5"]
[White "Hodgson, John H"]
[Black "Smallbone, Kieran"]
[Result "1/2-1/2"]
[WhiteElo "2207"]
[BlackElo "2110"]
[PlyCount "33"]
[EventDate "2002.05.05"]

1. e4 d6 2. d4 Nf6 3. Nc3 c6 4. f4 Qb6 5. Nf3 Bg4 6. Qd3 Na6 7. Be3 Qa5 8. Qd2
Nb4 9. Bd3 d5 10. e5 Nxd3+ 11. cxd3 Bxf3 12. gxf3 Ng8 13. O-O e6 14. a3 Nh6 15.
b4 Qd8 16. b5 c5 17. Na4 1/2-1/2

[Event "4NCL/Div2/BAR3-WS"]
[Site "Rd-10 Birmingham"]
[Date "2002.05.05"]
[Round "10.6"]
[White "Churm, Rohan M"]
[Black "Tucker, Alex E"]
[Result "1-0"]
[WhiteElo "2171"]
[BlackElo "2215"]
[PlyCount "55"]
[EventDate "2002.05.05"]

1. e4 e6 2. d4 d5 3. Nc3 Bb4 4. Bd3 c5 5. a3 Bxc3+ 6. bxc3 dxe4 7. Bxe4 Nf6 8.
Bf3 O-O 9. Ne2 Nc6 10. O-O Re8 11. Bf4 Qe7 12. Qd3 Bd7 13. Rab1 b6 14. Ng3 Rad8
15. Rfe1 Na5 16. Nf5 exf5 17. Rxe7 Rxe7 18. dxc5 bxc5 19. h3 Rc8 20. Qa6 Nc6
21. Rb7 Re1+ 22. Kh2 Be8 23. Rxf7 Rd8 24. Rxf6 gxf6 25. Bxc6 Bf7 26. Qxa7 Rdd1
27. Bh6 Rd8 28. c4 1-0

[Event "4NCL/Div2/BAR3-WS"]
[Site "Rd-10 Birmingham"]
[Date "2002.05.05"]
[Round "10.7"]
[White "Ozeren, Kemal"]
[Black "Bourne, Johnathan D"]
[Result "1-0"]
[WhiteElo "2120"]
[BlackElo "2008"]
[PlyCount "71"]
[EventDate "2002.05.05"]

1. Nf3 c5 2. c4 Nc6 3. Nc3 e5 4. g3 g6 5. Bg2 Bg7 6. d3 Nge7 7. Bd2 d6 8. Qc1
O-O 9. O-O Rb8 10. a3 b6 11. b4 Bb7 12. h4 Nd4 13. Nxd4 Bxg2 14. Kxg2 exd4 15.
Nd5 Nxd5 16. cxd5 Re8 17. e4 dxe3 18. fxe3 f5 19. b5 Qd7 20. Rb1 Qb7 21. Qc4
Bh6 22. Rf3 Re7 23. h5 Bg5 24. Rh1 Rbe8 25. Bc3 Rxe3 26. Rxe3 Rxe3 27. hxg6 h6
28. Rf1 Qe7 29. Rxf5 Re2+ 30. Kh3 Qe3 31. g7 Be7 32. Qg4 Rc2 33. Rf3 Qg5 34.
Qe6+ Kh7 35. g8=Q+ Qxg8 36. Rf7+ 1-0

[Event "4NCL/Div2/BAR3-WS"]
[Site "Rd-10 Birmingham"]
[Date "2002.05.05"]
[Round "10.8"]
[White "Headlong, Fenella"]
[Black "Kieran, Rosalind"]
[Result "0-1"]
[WhiteElo "1656"]
[BlackElo "2079"]
[PlyCount "154"]
[EventDate "2002.05.05"]

1. e4 c5 2. c3 Nf6 3. e5 Nd5 4. d4 cxd4 5. cxd4 d6 6. Nf3 Nc6 7. Bc4 Nb6 8. Bb5
a6 9. Bxc6+ bxc6 10. exd6 exd6 11. O-O Be7 12. Nc3 O-O 13. Bf4 Be6 14. Re1 Nd5
15. Nxd5 Bxd5 16. Qd3 Bf6 17. Rac1 Rb8 18. b3 a5 19. Re3 Rb4 20. Qf5 Be6 21.
Qc2 Bxd4 22. Nxd4 Rxd4 23. Re4 Bf5 24. Rxd4 Bxc2 25. Rxc2 Qf6 26. Be3 c5 27.
Rd1 Rd8 28. h3 h6 29. Rcd2 Qe5 30. Rd5 Qc3 31. Bxc5 Re8 32. Be3 Re6 33. R5d3
Qb2 34. R3d2 Qe5 35. Rd5 Qc3 36. R5d3 Qc7 37. Bf4 Qe7 38. Bxd6 Re1+ 39. Kh2
Rxd1 40. Bxe7 Rxd3 41. Bc5 Rd2 42. a3 Rd3 43. Bb6 Rxb3 44. Bxa5 Rxa3 45. Bb6 f6
46. Be3 Kf7 47. g3 Ke6 48. Kg2 Kf5 49. Bc5 Rc3 50. Bf8 Kg6 51. Bb4 Rb3 52. Bc5
h5 53. Bf8 Kf7 54. Bc5 g5 55. Be3 Ke6 56. Kf3 Kf5 57. g4+ Kg6 58. Ke4 Rb4+ 59.
Kf3 f5 60. gxf5+ Kxf5 61. Kg3 Rb3 62. Kg2 g4 63. hxg4+ Kxg4 64. f3+ Kh4 65.
Bf2+ Kg5 66. Bg3 h4 67. Bd6 Rd3 68. Bc7 Rd7 69. Bb8 Rd2+ 70. Kh3 Rf2 71. f4+
Kh5 72. Be5 Rf3+ 73. Kg2 Kg4 74. Bd6 h3+ 75. Kh2 Rf2+ 76. Kg1 h2+ 77. Kh1 Kh3
0-1

[Event "4NCL/Div2/NWE-PP1"]
[Site "Rd-11 Birmingham"]
[Date "2002.05.06"]
[Round "11.1"]
[White "Shaw, John"]
[Black "Swanson, Stephen"]
[Result "0-1"]
[WhiteElo "2503"]
[BlackElo "2271"]
[PlyCount "118"]
[EventDate "2002.05.06"]

1. e4 g6 2. d4 Bg7 3. Nc3 d6 4. Be3 a6 5. Qd2 Nd7 6. h4 h5 7. Nh3 b5 8. a4 b4
9. Nd1 c5 10. c3 Ngf6 11. f3 bxc3 12. bxc3 O-O 13. a5 Qc7 14. Ng5 Rb8 15. Qa2
e6 16. Bd3 Re8 17. O-O Nf8 18. Nf2 N6h7 19. Qa3 Nxg5 20. hxg5 Nd7 21. Rfb1
Rxb1+ 22. Rxb1 Qa7 23. Qa4 Rd8 24. g4 h4 25. Nd1 Qc7 26. Rb2 Nb8 27. Rb6 d5 28.
e5 c4 29. Bc2 Bd7 30. Qa2 Bb5 31. Ba4 Bxa4 32. Qxa4 Bf8 33. Kg2 Qa7 34. Bc1 Nd7
35. Rb1 Rb8 36. Rxb8 Qxb8 37. Bb2 Nxe5 38. dxe5 Qxe5 39. Ba3 Qe2+ 40. Nf2 Qa2
41. Qc6 Qxa3 42. Qxa6 Qxc3 43. Qb6 Qa3 44. a6 h3+ 45. Nxh3 c3 46. Ng1 Qb2+ 47.
Qxb2 cxb2 48. a7 b1=Q 49. a8=Q Qb2+ 50. Kg3 Qc1 51. Nh3 Qc7+ 52. Kg2 Qd6 53.
Nf2 Qe5 54. Qd8 Kg7 55. Kf1 Qf4 56. Kg2 Bd6 57. Kf1 Be5 58. Ke2 Bc3 59. Qc8 Bd4
0-1

[Event "4NCL/Div2/NWE-PP1"]
[Site "Rd-11 Birmingham"]
[Date "2002.05.06"]
[Round "11.2"]
[White "Harley, Andrew"]
[Black "Haslinger, Stewart"]
[Result "1/2-1/2"]
[WhiteElo "2258"]
[BlackElo "2294"]
[PlyCount "41"]
[EventDate "2002.05.06"]

1. e4 e5 2. Nf3 Nc6 3. Bb5 a6 4. Ba4 Nf6 5. O-O Be7 6. Re1 b5 7. Bb3 O-O 8. a4
b4 9. d3 d6 10. a5 Be6 11. Nbd2 Bxb3 12. Nxb3 d5 13. Qe2 Re8 14. Bg5 Rb8 15.
Nfd2 Rb5 16. Bxf6 Bxf6 17. exd5 Qxd5 18. Qe4 Rd8 19. Nc4 g6 20. Qxd5 Rdxd5 21.
Re4 1/2-1/2

[Event "4NCL/Div2/NWE-PP1"]
[Site "Rd-11 Birmingham"]
[Date "2002.05.06"]
[Round "11.3"]
[White "Kennaugh, Charles W"]
[Black "Moore, Gerald"]
[Result "1-0"]
[WhiteElo "2255"]
[BlackElo "2233"]
[PlyCount "69"]
[EventDate "2002.05.06"]

1. e4 d5 2. exd5 Qxd5 3. Nc3 Qa5 4. Bc4 c6 5. Qe2 Nf6 6. d3 Bf5 7. Nf3 e6 8.
Bd2 Qc7 9. Nd4 Bg6 10. Bxe6 fxe6 11. Nxe6 Qe7 12. Nc7+ Kd7 13. Nxa8 Qxe2+ 14.
Kxe2 Na6 15. Be3 Bc5 16. Na4 Bxe3 17. fxe3 Rxa8 18. e4 Re8 19. Kd2 Kd6 20. Rae1
c5 21. b3 b5 22. Nc3 Nc7 23. a4 a6 24. axb5 axb5 25. Ra1 b4 26. Na4 Nb5 27. Nb6
Bf7 28. Ra6 Kc7 29. Na8+ Kd7 30. Rha1 Rb8 31. R1a5 Nd4 32. Ra7+ Ke8 33. Rxc5
Nd7 34. Rcc7 Be6 35. Rcb7 1-0

[Event "4NCL/Div2/NWE-PP1"]
[Site "Rd-11 Birmingham"]
[Date "2002.05.06"]
[Round "11.4"]
[White "Rosen, Daniel B"]
[Black "Charleshouse, Glenn L"]
[Result "1-0"]
[WhiteElo "2228"]
[BlackElo "2301"]
[PlyCount "71"]
[EventDate "2002.05.06"]

1. e4 c5 2. f4 e6 3. Nf3 Nc6 4. Nc3 d5 5. Bb5 Nf6 6. Qe2 Be7 7. O-O O-O 8. Bxc6
bxc6 9. b3 c4 10. bxc4 Ba6 11. d3 Bb4 12. Bd2 dxc4 13. d4 c5 14. a3 Bxc3 15.
Bxc3 cxd4 16. Bxd4 Bb7 17. Bxf6 Qxf6 18. Ne5 Qe7 19. Qe3 f6 20. Nf3 Rfd8 21.
Rfd1 Rxd1+ 22. Rxd1 c3 23. e5 Bxf3 24. exf6 Qxf6 25. Qxf3 Rf8 26. g3 Rc8 27.
Rd7 Rb8 28. Kg2 h6 29. Rc7 Rd8 30. Qxc3 Qg6 31. Qe3 Kh7 32. Rc6 Qf5 33. Rc5 Qg6
34. h3 Rd5 35. Rxd5 exd5 36. Qd3 1-0